000 00475nam a22001457a 4500
040 _cASAB
245 _aStatistical Modelling and Machine Learning Principles for Bioinformatics Techniques, Tools, and Applications
_cedited by K. G. Srinivasa
250 _bFirst Edition
260 _aSingapore
_bSpringer
_c2020
300 _aXII, 317p.
700 _aSrinivasa,K. G.
_9132573
700 _aSiddesh,G. M.
_9132574
700 _aManisekhar,S. R.
_9132575
942 _2ddc
_cBK
999 _c615694
_d615694